| 000 | 00687nam a22001937a 4500 | ||
|---|---|---|---|
| 003 | OSt | ||
| 005 | 20260115031956.0 | ||
| 008 | 260115b |||||||| |||| 00| 0 eng d | ||
| 020 | _a 81-7086-541-7 | ||
| 040 |
_aDWC-Main lib _cOC |
||
| 082 | _aCirc. 232.901 B893j 2011 | ||
| 100 | _aBrumley, Mark | ||
| 245 |
_aJesus of Nazareth : part : _b two Holy week from the entrance in to Jerusalem to the resurrection/ _cMark Brumley |
||
| 260 |
_aSan Francisco : _bIgnatius Press , _cc2011. |
||
| 300 |
_a xiii , 362 pages : _billustration ; _c20cm. |
||
| 650 | _a1. Historicity of Jesus Christ | ||
| 650 | _a2. Jesus Von Nazareth ( Benedict XVI, Pope) | ||
| 942 |
_2ddc _cBK-CIRC _kCirc. _n0 |
||
| 999 |
_c7415 _d7415 |
||